[Event "Kostroma Volga Cup op"]
[Site "Kostroma"]
[Date "2008.07.??"]
[Round "4"]
[White "Nefedov, Sergei Vladimirovic"]
[Black "Skuratovich, Yakov"]
[Result "1/2-1/2"]
[WhiteElo "2235"]
[BlackElo "1990"]
[PlyCount "89"]
[EventDate "2008.07.??"]
[EventType "swiss"]
[EventRounds "9"]
[EventCountry "RUS"]
[SourceTitle "EXT 2009"]
[Source "ChessBase"]
[SourceDate "2008.11.26"]
[SourceVersion "1"]
[SourceVersionDate "2008.11.26"]
[SourceQuality "1"]

1. Nf3 Nf6 2. c4 g6 3. g3 Bg7 4. Bg2 d6 5. 0-0 0-0 6. Nc3 e5 7. d4 Nc6 8. e3 exd4 9. Nxd4 Ne5 10. b3 c6 11. h3 Ned7 12. Ba3 Qa5 13. Qc1 c5 14. Nde2 a6 15. Bb2 Rb8 16. Rd1 Qc7 17. Qd2 Ne8 18. Nd5 Qd8 19. Bxg7 Kxg7 20. Nec3 Ne5 21. f4 Nc6 22. Ne4 f5 23. Qc3+ Kg8 24. Ng5 h6 25. Nf3 Be6 26. Rd2 Bxd5 27. Rxd5 Nf6 28. Rdd1 Qe7 29. Nd2 Rfe8 30. Re1 Ne4 31. Nxe4 fxe4 32. a3 b5 33. Qc2 Qe6 34. Bf1 Kh7 35. Red1 Ne7 36. Rab1 g5 37. Qf2 Rf8 38. Kh2 gxf4 39. gxf4 Rg8 40. Be2 Qf6 41. Rg1 Rxg1 42. Rxg1 bxc4 43. bxc4 Rb2 44. Qg2 Qg6 45. Qf1 1/2-1/2